| 000 | 00638nam a2200205 a 4500 | ||
|---|---|---|---|
| 005 | 20240806064138.0 | ||
| 008 | 010612s1999 r 000 0 eng d | ||
| 020 | _a8420645370(obra completa) | ||
| 035 | _aUPN01000108161 | ||
| 049 | _aCG | ||
| 050 | 4 |
_aBF1093 _bF7.38a |
|
| 100 | 1 |
_aFreud, Sigmund, _d1856-1939 |
|
| 245 | 1 | 3 |
_aLa interpretación de los sueños / _cSigmund Freud ; tr. Luis López-Ballesteros y de Torres. |
| 260 |
_aMadrid : _bAlianza, _c1999. |
||
| 300 | _a3 v. | ||
| 440 | 3 |
_aEl libro de bolsillo. _pBiblioteca Freud ; _v627, 628, 629 |
|
| 650 | 0 |
_aSueños _91571 |
|
| 650 | 4 |
_aPsicoanálisis _91572 |
|
| 905 | _aLibro | ||
| 999 |
_c82073 _d82073 |
||